Комаровского

Доступно только в Электронных читальных залах Найти на картеНа карте
RUSMARC
00003777nac2a22002891x 450
0012653a15c-1608-441e-8c74-6c5b59b0a1b4
00520140109124247.0
100##$a20130529l1873 k y0rusy50 ca
1010#$afre
102##$aRU
105##$ay z |||||
1220#$ad18730628
2001#$aКомаровского
$j[19--]
215##$a1 лист
251##$cДело
300##$aЗаголовок дела на папке: Письмо Комаровского Кони А. Ф.
300##$aТекст на французском языке
300##$aРукописный текст
330##$aПереписка А. Ф. Кони; Письма к А. Ф. Кони
461#0$10013a54f2e3-e9cf-409b-80fa-f0a9bd3c40cb
$12001
$aКони Анатолий Федорович, юрист, литератор, член академии наук, председатель Санкт-Петербургского окружного суда, член государственного совета
$1251
$cФонд
$1852
$j564
462#0$100178a475cd-a47d-4377-bff3-cee4b81de655
$12001
$aОпись дел фонда А. Ф. Кони за 1880-1931 гг.
$1251
$cОпись
$1852
$j1
517##$aПисьмо Комаровского Кони А. Ф.
600#1$aКони
$bА. Ф.
$f1844-1927
$gАнатолий Федорович
600#1$aКомаровский
801#0$aRU
$bGA_RF
801#1$aRU
$bНПО Опыт
$c20130529
$2rusmarc
801#2$aRU
$bПБ им. Б.Н. Ельцина
$c20140109
$gRCR
$2rusmarc
852##$aГА РФ
$j2161
937##$d42621617
$hПБ
035##$aRuPRLIB51004066
Формат отображения